|
|
|
|
| LEADER |
01471cam a2200385 7i4500 |
| 001 |
0000006312 |
| 005 |
20170406090000.0 |
| 020 |
|
|
|a 041522991X (hbk. ; vol. 1)
|
| 020 |
|
|
|a 0415229928 (hbk. ; vol. 2)
|
| 020 |
|
|
|a 9780415229944
|
| 020 |
|
|
|a 0415229944 (hbk. ; vol. 4)
|
| 020 |
|
|
|a 9780415229913
|
| 020 |
|
|
|a 9780415267014
|
| 020 |
|
|
|a 0415267013 (hbk. ; vol. 5)
|
| 020 |
|
|
|a 9780415267021
|
| 020 |
|
|
|a 0415267021 (hbk. ; vol. 6)
|
| 020 |
|
|
|a 9780415229937
|
| 020 |
|
|
|a 0415229936 (hbk. ; vol. 3)
|
| 020 |
|
|
|a 0415229901 (set)
|
| 020 |
|
|
|a 9780415229920
|
| 090 |
0 |
0 |
|a P37
|b .P79 2002
|
| 245 |
0 |
0 |
|a Psycholinguistics :
|b critical concepts in psychology
|c edited by Gerry T. M. Altmann.
|
| 260 |
|
|
|a London:
|b Routledge,
|c 2002.
|
| 300 |
|
|
|a 6 v.:
|b ill.;
|c 25 cm.
|
| 504 |
|
|
|a Includes bibliographical references and index
|
| 650 |
0 |
0 |
|a Psycholinguistics
|
| 700 |
1 |
|
|a Altmann, Gerry T. M.
|
| 997 |
|
|
|a Education & Social Sciences, Faculty
|b Social Sciences, Department
|
| 998 |
|
|
|a English in Industries, Degree
|
| 999 |
|
|
|a 0000006514
|b BOK
|c REFERENCE
|e Ground Floor, Bestari Jaya
|
| 999 |
|
|
|a 0000006515
|b BOK
|c REFERENCE
|e Ground Floor, Bestari Jaya
|
| 999 |
|
|
|a 0000006516
|b BOK
|c REFERENCE
|e Ground Floor, Bestari Jaya
|
| 999 |
|
|
|a 0000006517
|b BOK
|c REFERENCE
|e Ground Floor, Bestari Jaya
|
| 999 |
|
|
|a 0000006518
|b BOK
|c REFERENCE
|e Ground Floor, Bestari Jaya
|
| 999 |
|
|
|a 0000006519
|b BOK
|c REFERENCE
|e Ground Floor, Bestari Jaya
|